Pays les plus touristiques (Extrème) - Statistiques

Statistiques générales
  • Ce quiz a été pris 251 fois
  • Le résultat moyen est 41 sur 50
Statistiques - réponses
Touristes Pays % Correct
89 400 000 France
100%
82 600 000 Espagne
99%
79 618 000 Etats unis
98%
58 253 000 Italie
97%
6 621 000 Brésil
96%
22 141 939 Canada
96%
60 740 000 Chine
96%
24 551 000 Russie
96%
6 705 000 Argentine
95%
28 690 000 Japon
95%
45 024 453 Mexique
95%
8 815 000 Australie
94%
15 543 000 Inde
94%
37 651 000 Royaume uni
94%
37 452 000 Allemagne
93%
11 349 000 Maroc
93%
6 865 000 Suède
93%
18 200 000 Portugal
92%
8 157 000 Egypte
90%
27 194 000 Grèce
90%
6 252 000 Norvège
90%
35 381 000 Thailande
90%
10 285 000 Afrique du sud
89%
11 133 000 Suisse
89%
18 257 800 Pologne
88%
45 628 673 Turquie
88%
17 924 000 Pays bas
87%
13 336 000 Corée du sud
86%
15 806 191 Indonésie
85%
6 450 000 Chili
84%
8 358 000 Belgique
83%
29 460 000 Autriche
82%
15 593 000 Croatie
81%
7 052 000 Tunisie
81%
10 781 000 Danemark
80%
12 922 000 Viet nam
80%
10 100 000 Irlande
79%
15 785 000 Hongrie
73%
25 948 000 Malaisie
73%
16 109 000 Arabie saoudite
71%
10 175 963 République Tchèque
71%
14 230 000 Ukraine
69%
7 129 000 Philippines
66%
5 602 000 Cambodge
65%
17 424 611 Singapour
61%
10 740 000 Taiwan
55%
8 883 000 Bulgarie
54%
6 135 839 Bahamas
47%
6 187 542 République Dominicaine
45%
15 790 000 Emirats arabe unis
6%
Aucun quiz correspondant
Distribution des résultats
% des personnes avec chaque résultat
Percentile par nombre de réponses
Votre historique - résultats
Vous n’avez pas pris ce quiz